|
|
|
|
| LEADER |
01576nam a2200409 a 4500 |
| 001 |
EBC408158 |
| 003 |
MiAaPQ |
| 005 |
20200520144314.0 |
| 006 |
m o d | |
| 007 |
cr cn||||||||| |
| 008 |
050413s2005 ilua sb 001 0 eng |
| 010 |
|
|
|z 2005010526
|
| 020 |
|
|
|z 0226536807 (alk. paper)
|
| 020 |
|
|
|z 9780226536811
|
| 020 |
|
|
|z 9780226536835
|
| 020 |
|
|
|z 9780226536804 (cloth)
|
| 020 |
|
|
|z 0226536805 (paper)
|
| 035 |
|
|
|a (MiAaPQ)EBC408158
|
| 035 |
|
|
|a (Au-PeEL)EBL408158
|
| 035 |
|
|
|a (CaPaEBR)ebr10209997
|
| 035 |
|
|
|a (CaONFJC)MIL112593
|
| 035 |
|
|
|a (OCoLC)476227177
|
| 040 |
|
|
|a MiAaPQ
|c MiAaPQ
|d MiAaPQ
|
| 050 |
|
4 |
|a HD2741
|b .H568 2005
|
| 082 |
0 |
4 |
|a 658.4/09
|2 22
|
| 245 |
0 |
2 |
|a A history of corporate governance around the world
|h [electronic resource] :
|b family business groups to professional managers /
|c edited by Randall K. Morck.
|
| 260 |
|
|
|a Chicago :
|b University of Chicago Press,
|c c2005.
|
| 300 |
|
|
|a xii, 687 p. :
|b ill.
|
| 490 |
1 |
|
|a National Bureau of Economic Research conference report
|
| 504 |
|
|
|a Includes bibliographical references and indexes.
|
| 533 |
|
|
|a Electronic reproduction. Ann Arbor, MI : ProQuest, 2015. Available via World Wide Web. Access may be limited to ProQuest affiliated libraries.
|
| 650 |
|
0 |
|a Corporate governance
|x History.
|
| 655 |
|
4 |
|a Electronic books.
|
| 700 |
1 |
|
|a Morck, Randall.
|
| 710 |
2 |
|
|a ProQuest (Firm)
|
| 830 |
|
0 |
|a National Bureau of Economic Research conference report.
|
| 856 |
4 |
0 |
|u https://ebookcentral.proquest.com/lib/matrademy/detail.action?docID=408158
|z Click to View
|